ARRUPE JESUIT UNIVERSITY

CORONAVIRUS -STOP THE SPREAD - CLEAN,DISINFECT,COVER

Digging up bones; (Record no. 128924)

MARC details
000 -LEADER
fixed length control field 00960cam a22003011 4500
001 - CONTROL NUMBER
control field 10331674
003 - CONTROL NUMBER IDENTIFIER
control field ARRUPE
005 - DATE AND TIME OF LATEST TRANSACTION
control field 20190206120558.0
008 - FIXED-LENGTH DATA ELEMENTS--GENERAL INFORMATION
fixed length control field 810622s1963 xx a 000 0 eng
010 ## - LIBRARY OF CONGRESS CONTROL NUMBER
LC control number 65001012
015 ## - NATIONAL BIBLIOGRAPHY NUMBER
National bibliography number GB63-5482
035 ## - SYSTEM CONTROL NUMBER
System control number (OCoLC)14615536
040 ## - CATALOGING SOURCE
Original cataloging agency DLC
Transcribing agency DNLM
Modifying agency ODaWU
-- OCoLC
-- Uk
-- DLC
042 ## - AUTHENTICATION CODE
Authentication code premarc
050 00 - LIBRARY OF CONGRESS CALL NUMBER
Classification number SPC. GN70
Item number .B7
082 ## - DEWEY DECIMAL CLASSIFICATION NUMBER
Classification number 913
300 ## - PHYSICAL DESCRIPTION
Other physical details ill.
100 1# - MAIN ENTRY--PERSONAL NAME
Personal name Brothwell, Don R.
9 (RLIN) 44458
245 10 - TITLE STATEMENT
Title Digging up bones;
Remainder of title the excavation, treatment and study of human skeletal remains.
Statement of responsibility, etc Don R. Brothwell
260 ## - PUBLICATION, DISTRIBUTION, ETC. (IMPRINT)
Place of publication, distribution, etc London,
Name of publisher, distributor, etc British Museum,
Date of publication, distribution, etc 1963.
300 ## - PHYSICAL DESCRIPTION
Extent xiii, 194 p.
500 ## - GENERAL NOTE
General note At head of title: British Museum (Natural History)
650 #0 - SUBJECT ADDED ENTRY--TOPICAL TERM
Topical term or geographic name as entry element Excavations (Archaeology)
9 (RLIN) 44202
650 #0 - SUBJECT ADDED ENTRY--TOPICAL TERM
Topical term or geographic name as entry element Anthropometry.
9 (RLIN) 44459
710 2# - ADDED ENTRY--CORPORATE NAME
Corporate name or jurisdiction name as entry element British Museum (Natural History)
9 (RLIN) 43833
906 ## - LOCAL DATA ELEMENT F, LDF (RLIN)
a 7
b cbc
c oclcrpl
d u
e ncip
f 19
g y-gencatlg
942 ## - ADDED ENTRY ELEMENTS (KOHA)
Source of classification or shelving scheme Library of Congress Classification
Koha item type SPC
Holdings
Withdrawn status Lost status Source of classification or shelving scheme Damaged status Not for loan Collection code Home library Current library Shelving location Date acquired Total Checkouts Full call number Barcode Date last seen Price effective from Koha item type
    Library of Congress Classification     SPECIAL Collection ARRUPE LIBRARY ARRUPE LIBRARY REFERENCE 06/02/2019   SPC. GN70 .B7 46600003660 06/02/2019 06/02/2019 SPC

 

Arrupe Library. PO Box MP320 Mt Pleasant, Harare, Zimbabwe
263 242 745411|librarian@aju.ac.zw